00389nam a2200145 4500001000700000003000900007005001700016007000300033008004100036100002300077245005600100260003900156300002700195852002100222126879ES-MaACL20230906192910.0t|070214s1933 po r ||||1| por d1 aRibeiro, Aquilino.10aMaria Benigna b: romance / cpor Aquilino Ribeiro. aLisboa : bLivr. Bertrand, c1933. a285 p. ; c19 x 12 cm. aES-MaACLjA-3460